000 00424nam a2200193Ia 4500
001 14444
003 GE_BSU
008 181216s||||||||xx |||||||||||||| ||und||
040 _cGE_BSU
080 _a821.111-3
100 _aCookson,Catherine
245 4 _aThe Devil and Mary Ann
260 _aLondon
260 _bCorgi books
260 _c1958
300 _a223p.18cm.
653 _aThe Devil and Mary Ann
942 _cBK
999 _c47578
_d47578